000 00521nam a2200193Ia 4500
005 20260429111943.0
008 260429s9999||||xx |||||||||||||| ||und||
020 _a9788184117059
041 _aEnglish
082 _a363.7
_bGUP
100 _aGupta, Ranjana
245 0 _aEssentials of environmental science /
_cRanjana Gupta
250 _a1st ed.
260 _aNew Delhi :
_bSonali Publications,
_c2024.
300 _avii, 268 p.; hb
650 _aEnvironmental science
700 _a Gupta, Manjul
942 _cTB
999 _c51597
_d51597